000 02475cam a22002295a 4500
003 CO-ViMGA
005 20230915233135.0
008 141031s2014 ck a gr 000 0 spa
020 _a9789587575347
040 _aCO-ViMGA
_bspa
_cCO-ViMGA
082 0 4 _a928.61
_bG17n
100 1 0 _aGarcia Marquez, Gabriel
_d1927-2014
_91
245 1 3 _aLa nostalgia de las almendras amargas
_cGabriel Garcia Marquez ; seleccion y prologo Juan Esteban Constain Croce
250 _aEdicion especial para El Ministerio de Cultura, Biblioteca Nacional de Colombia
260 _aBogota
_bIntermedio Editores
_c2014
300 _a234 pg̀inas
_bilustraciones
_c25 cm
520 1 _a"Este libro puede leerse de diversas formas: como un tesoro que revela unas joyas conocidas pero perdidas, como el testimonio de un autor querido y admirado, o como un manual para escritores -tanto periodistas como literatos, niveles o expertos- lleno de anecdotas, consejos y confidencias. Es, en realidad, una serie de textos de Gabriel Garcia Marquez publicados en la revista Cambio entre 1999 y 2002 que incluye varios de sus mas admirados perfiles, uno que otro reportaje, algunas entrevistas que le hicieran pero, sobre todo, las respuestas que diera a sus lectores sobre sus libros, sus personajes, es decir, sobre el trabajo n̕timo del escritor ms̀ importante en lengua castellana de los tiempos modernos. El Tiempo Casa Editorial e Intermedio Editores rinden, con esta publicacin̤, un sencillo homenaje a nuestro premio Nobel, tras cien da̕s de su desaparición, con el propósito de aportar un grano de arena al mejor conocimiento de su obra y, sobre todo, con el fin de rescatar su voz mas íntima. En palabras de Juan Esteban Constain, autor del prologo y de la selección de estos textos. Este libro es un homenaje al talento del colombiano mas grande de todos los tiempos: el que mejor supo desentrañar, con sus libros y sus palabras y sus intuiciones, el misterio de lo que somos. Pero es también un homenaje a sus lectores, para que renueven con ľ, aunque sea un poco, la nostalgia de las almendras amargas y el olor de la guayaba. El milagro de un estilo que morir c̀on el mundo, no antes ni después". (Tomado de la contra- caratula)
600 1 4 _aGarcia Marquez, Gabriel
_d1927-2014
_xCritica e interpretacion
_96307
650 1 4 _aEscritores colombianos
_xCritica e interpretacion
_2LEMB
_923734
650 1 4 _aLiteratura colombiana
_2LEMB
_vHistoria y crtiica
_942408
942 _2ddc
_cBK
999 _c4093
_d4093